Normal view
MARC view
- Isaacs, David
Entry Nombre Personal
001 - NUMERO DE CONTROL
- campo de control: 38560
003 - IDENTIFICADOR DE NUMERO DE CONTROL
- campo de control: UPN
005 - FECHA Y HORA DE LA ÜLTIMA TRANSACCIÓN
- campo de control: 20220328091813.0
008 - DATOS DE LONGITUD FIJA
- campo de control de longitud fija: nabaccnnaabn|||||||||| b |nc|||||d
035 ## - NUMERO DE CONTROL
- Número de control: UPN11000010667
040 ## - FUENTE DE CATALOGACIÓN
- Lenguaje de catalogación: spa
- Agencia de transcripción: MX-MxUPN
- Agencia original de catalogación: MX-MxUPN
100 1# - ENCABEZAMIENTO - NOMBRE PERSONAL
- Nombre personal: Isaacs, David
370 ## - LUGAR ASOCIADO
- Associated country: España
371 ## - DIRECCIÓN
- Electronic mail address: disaacs@unav.es
372 ## - CAMPO DE ACTIVIDAD
- Field of activity: Educación
373 ## - GRUPO ASOCIADO
- Associated group: Universidad de Navarra. Instituto de Ciencias de la Educación
374 ## - OCUPACIÓN
- Occupation: Profesor universitario
375 ## - GÉNERO
- Gender: masculino
377 ## - LENGUA ASOCIADA
- Language code: spa
670 ## - FUENTE EN LA QUE SE LOCALIZARON DATOS
- Cita de la fuente: En su obra: La educación de las virtudes humanas y su evaluación, 2000:
- Información localizada: portada (David Isaacs) cubierta posterior (Davis Isaacs (disaacs@unav.es) es Profesor ordinario de educación en la Universidad de Navarra en la que fue Director del Instituto de Ciencias de la Educación y Vicerrector. )
680 ## - NOTA PUBLICA DE ACCESO PÚBLICO
- Frase explicativa de la referencia: Doctor en educación y profesor español
902 ## - CATALOGADOR
- Catalogador: CAA/300516
